[Event "chess.com SpeedChess Q2Sw"]
[Site "chess.com INT"]
[Date "2022.11.12"]
[Round "11"]
[White "Czerw, Dawid"]
[Black "Primbetov, Kazbek"]
[Result "0-1"]
[WhiteTitle "FM"]
[BlackTitle "FM"]
[WhiteElo "2373"]
[BlackElo "2156"]
[WhiteFideId "1145746"]
[BlackFideId "13702297"]
[EventDate "2022.11.12"]

1. d4 Nf6 2. c4 e6 3. g3 d5 4. Bg2 c5 5. cxd5 exd5 6. Nf3 Nc6 7. O-O Be6 8. Nc3
Be7 9. dxc5 Bxc5 10. a3 h6 11. b4 Be7 12. Bb2 O-O 13. Nb5 a5 14. bxa5 Nxa5 15.
Nfd4 Nc4 16. Qb1 Nd2 17. Qd3 Nxf1 18. Kxf1 Qd7 19. Kg1 Bh3 20. Bf3 Rac8 21. Rd1
Rfe8 22. e3 Bg4 23. Bxg4 Qxg4 24. Nf5 Ne4 25. Qxd5 Rc5 26. Nxe7+ Rxe7 27. Qd8+
Kh7 28. a4 Re6 29. Ba3 Rf5 30. Rf1 Ref6 31. Be7 Rxf2 32. Bxf6 Rxf1+ 33. Kxf1
Qf3+ 34. Ke1 Nxf6 35. Qd3+ g6 36. Nd6 Qh1+ 37. Kd2 Qxh2+ 38. Kc3 Qxg3 39. Nxf7
Qc7+ 40. Qc4 Qxc4+ 41. Kxc4 h5 42. Nd6 h4 43. e4 h3 44. e5 h2 45. exf6 h1=Q 46.
f7 Qc6+ 47. Kb3 Qxd6 0-1

[Event "chess.com SpeedChess Q2Sw"]
[Site "chess.com INT"]
[Date "2022.11.12"]
[Round "11"]
[White "Nenezic, Marko"]
[Black "Ter-Sahakyan, Samvel"]
[Result "1-0"]
[WhiteTitle "IM"]
[BlackTitle "GM"]
[WhiteElo "2510"]
[BlackElo "2605"]
[WhiteFideId "912123"]
[BlackFideId "13302531"]
[EventDate "2022.11.12"]

1. d4 Nf6 2. c4 e6 3. Nc3 Bb4 4. e3 O-O 5. Ne2 d5 6. a3 Be7 7. cxd5 exd5 8. Ng3
Re8 9. Bd3 a5 10. O-O Na6 11. Bd2 c6 12. Rc1 Nc7 13. Re1 Bf8 14. f3 Ne6 15. Nce2
c5 16. dxc5 Bxc5 17. Nf5 Bb6 18. b4 axb4 19. axb4 Ra2 20. Bb1 Ra3 21. Qc2 Ra8
22. Bc3 Ng5 23. Ned4 h6 24. Kh1 Bxf5 25. Qxf5 Ne6 26. Nxe6 Rxe6 27. Bxf6 Rxf6
28. Qh7+ Kf8 29. Qh8+ Ke7 30. Qxg7 Qg8 31. Qxg8 Rxg8 32. e4 d4 33. e5 Rc6 34.
Be4 Rxc1 35. Rxc1 Rd8 36. Bd3 Rd7 37. g3 Rc7 38. Rxc7+ Bxc7 39. f4 f6 40. exf6+
Kxf6 41. Kg2 h5 42. Kf3 Bd6 43. b5 Bb4 44. Bc4 b6 45. h3 Be1 46. g4 hxg4+ 47.
hxg4 Bd2 48. g5+ Kf5 49. Bd3+ Ke6 50. Ke4 Ke7 51. Bc4 Bc1 52. Kf5 Bd2 53. g6 Kf8
54. Kf6 1-0

[Event "chess.com SpeedChess Q2Sw"]
[Site "chess.com INT"]
[Date "2022.11.12"]
[Round "11"]
[White "Matamoros Franco, Carlos S."]
[Black "Matinian, Nikita"]
[Result "0-1"]
[WhiteTitle "GM"]
[BlackTitle "GM"]
[WhiteElo "2451"]
[BlackElo "2425"]
[WhiteFideId "3600017"]
[BlackFideId "24129100"]
[EventDate "2022.11.12"]

1. c4 e5 2. g3 Nc6 3. Bg2 f5 4. Nc3 Nf6 5. Nf3 Bb4 6. Nd5 d6 7. Nxb4 Nxb4 8. d4
e4 9. Qa4+ Nc6 10. d5 exf3 11. Bxf3 O-O 12. dxc6 bxc6 13. c5 d5 14. Qxc6 Rb8 15.
O-O Bd7 16. Qa6 c6 17. b3 Ne4 18. Bf4 Ra8 19. Rac1 g5 20. Bd6 Rf6 21. Be5 Rh6
22. b4 Qe8 23. Bd4 g4 24. Bg2 Qh5 25. h4 gxh3 26. Bf3 h2+ 27. Kh1 Qe8 28. b5 Ng5
29. bxc6 Bxc6 30. Qd3 Qe6 31. Rb1 Re8 32. Rb2 Kf7 33. Bg2 Ne4 34. Qe3 Rg6 35.
Rfb1 h5 36. Qf4 Rg4 37. Qf3 h4 38. Bh3 Ng5 39. Bxg4 Nxf3 40. Bxf3 hxg3 41. fxg3
Re7 42. Bh5+ Kf8 43. Rb8+ Be8 44. c6 Qe4+ 45. Kxh2 Qxd4 46. Bxe8 Rxe2+ 47. Kh1
Qe4+ 0-1

[Event "chess.com SpeedChess Q2Sw"]
[Site "chess.com INT"]
[Date "2022.11.12"]
[Round "11"]
[White "Tokhirjonova, Gulrukhbegim"]
[Black "Aarav, Dengla"]
[Result "0-1"]
[WhiteTitle "WGM"]
[BlackTitle "FM"]
[WhiteElo "2328"]
[BlackElo "2357"]
[WhiteFideId "14203626"]
[BlackFideId "45059756"]
[EventDate "2022.11.12"]

1. e4 c5 2. Nf3 d6 3. d4 cxd4 4. Nxd4 Nf6 5. Nc3 a6 6. h3 e5 7. Nde2 h5 8. g3
Be7 9. Bg2 O-O 10. a4 Nbd7 11. Be3 b6 12. O-O Bb7 13. f4 Rc8 14. b4 Rc4 15. Rb1
Qc7 16. Qd3 Rc8 17. Rb3 d5 18. exd5 Bxb4 19. d6 Qb8 20. Bxb7 Qxb7 21. Na2 e4 22.
Qd1 Bc5 23. Bd4 Bxd4+ 24. Nxd4 Qd5 25. c3 Qxd6 26. Nf5 Qc5+ 27. Nd4 Rxa4 28. Nb4
a5 29. Nc2 Nd5 30. Rb5 Qc4 31. Qxh5 N5f6 32. Qg5 Nh7 33. Qh4 Qxc3 34. Rh5 Ndf6
35. Re5 Rxd4 36. Nxd4 Qxd4+ 37. Kh1 e3 38. g4 Nd7 39. Re7 Qd5+ 40. Kg1 Rc2 41.
Qg3 e2 42. Re1 Qd4+ 43. Qe3 Qxe3+ 44. Rxe3 Nc5 45. R3xe2 Rxe2 46. Rxe2 Nf6 47.
Kg2 a4 48. Rc2 Nd5 49. Kf3 Nb4 50. Rc4 a3 51. Rc1 a2 52. Re1 Nb3 0-1

[Event "chess.com SpeedChess Q2Sw"]
[Site "chess.com INT"]
[Date "2022.11.12"]
[Round "11"]
[White "Alahakoon, Isuru"]
[Black "Begunov, Konstantin"]
[Result "1-0"]
[WhiteTitle "FM"]
[BlackTitle "FM"]
[WhiteElo "1984"]
[BlackElo "2325"]
[WhiteFideId "9900993"]
[BlackFideId "4118510"]
[EventDate "2022.11.12"]

1. d4 d5 2. Nf3 c6 3. e3 Bg4 4. c4 e6 5. h3 Bh5 6. Nc3 Nd7 7. Be2 f5 8. O-O Bd6
9. b3 Qe7 10. Bb2 Ngf6 11. Ng5 Bxe2 12. Nxe2 O-O 13. Nf4 Bxf4 14. exf4 Ne4 15.
a4 Nxg5 16. Ba3 c5 17. fxg5 dxc4 18. dxc5 Nxc5 19. Qd4 Rac8 20. Qxc4 b6 21. f4
Rfe8 22. Rfe1 Kf7 23. Rac1 Qd6 24. Rcd1 Qc6 25. Bxc5 Qxc5+ 26. Qxc5 Rxc5 27.
Rd7+ Re7 28. Rxe7+ Kxe7 29. Re3 a5 30. Kf2 Rc2+ 31. Kf3 Rb2 32. g4 g6 33. gxf5
gxf5 34. h4 Kd6 35. h5 Rh2 36. h6 Ke7 37. Kg3 Rb2 38. Rc3 Kd7 39. Kf3 Kd6 40.
Ke3 Kd5 41. Kf3 Rh2 42. Kg3 Rb2 43. g6 hxg6 44. h7 1-0

[Event "chess.com SpeedChess Q2Sw"]
[Site "chess.com INT"]
[Date "2022.11.12"]
[Round "11"]
[White "Larina, Maria"]
[Black "Selkirk, Rebecca"]
[Result "1-0"]
[WhiteTitle "WFM"]
[BlackTitle "WCM"]
[WhiteElo "1948"]
[BlackElo "1674"]
[WhiteFideId "24113182"]
[BlackFideId "14306514"]
[EventDate "2022.11.12"]

1. e4 c5 2. Nc3 e6 3. Nf3 d5 4. exd5 exd5 5. Bb5+ Nc6 6. d4 Nf6 7. O-O Be7 8.
dxc5 O-O 9. Bg5 Bg4 10. h3 Bxf3 11. Qxf3 d4 12. Bxc6 bxc6 13. Rad1 h6 14. Bh4
Rb8 15. b3 Bxc5 16. Bxf6 Qxf6 17. Qxf6 gxf6 18. Ne4 Be7 19. Rxd4 Rfd8 20. Rfd1
Rxd4 21. Rxd4 Rd8 22. Rxd8+ Bxd8 23. c4 Kf8 24. Kf1 Ke7 25. Ke2 Ke6 26. Kd3 Bb6
27. c5 Ba5 28. Kc4 Be1 29. f3 a5 30. Nd6 Bb4 31. Ne4 Ke5 32. Nf2 Bd2 33. Nd3+
Ke6 34. a3 f5 35. b4 axb4 36. Nxb4 Kd7 37. a4 Kc7 38. Nd3 f6 39. Nb4 Kb7 40. Na2
Ka6 41. Nc3 Ka5 42. Ne2 Kxa4 43. Ng3 f4 44. Nh5 f5 45. Ng7 1-0

[Event "chess.com SpeedChess Q2Sw"]
[Site "chess.com INT"]
[Date "2022.11.12"]
[Round "11"]
[White "Guzman Moneo, Alberto"]
[Black "Kabanova, Ekaterina"]
[Result "0-1"]
[WhiteTitle "CM"]
[BlackTitle "WFM"]
[WhiteElo "2146"]
[BlackElo "2088"]
[WhiteFideId "2209616"]
[BlackFideId "24112917"]
[EventDate "2022.11.12"]

1. e4 c5 2. Nc3 e6 3. Nge2 a6 4. g3 b5 5. Bg2 Bb7 6. O-O h5 7. h3 b4 8. Na4 Qc7
9. d4 cxd4 10. Nxd4 Nf6 11. Re1 d6 12. a3 bxa3 13. Rxa3 Nbd7 14. Rc3 Qa5 15. b3
Nc5 16. Bd2 Qd8 17. Rce3 e5 18. Nf5 g6 19. Nxc5 dxc5 20. Rd3 Qc7 21. Bg5 Nh7 22.
h4 Nxg5 23. hxg5 gxf5 24. exf5 Bxg2 25. Kxg2 c4 26. Rxe5+ Qxe5 27. Re3 Qxe3 28.
fxe3 Rd8 29. Qf3 cxb3 30. Qc6+ Rd7 31. f6 Bd6 32. Qc8+ Rd8 33. Qc6+ Kf8 34. cxb3
h4 35. gxh4 Rxh4 36. Qxa6 Rg4+ 37. Kf3 Rxg5 38. Qb6 Rd7 39. Qc6 Ke8 40. Qc8+ Rd8
41. Qc6+ Kf8 42. Qb6 Be7 43. fxe7+ Kxe7 44. b4 Rg6 45. Qc7+ Rd7 46. Qc5+ Rdd6
47. Qc7+ Kf8 48. e4 Rgf6+ 49. Ke3 Rc6 50. Qd8+ Kg7 51. b5 Rb6 0-1

[Event "chess.com SpeedChess Q2Sw"]
[Site "chess.com INT"]
[Date "2022.11.12"]
[Round "11"]
[White "Chernov, Mikhail"]
[Black "Kirillov, Dmitry"]
[Result "1-0"]
[WhiteTitle "FM"]
[BlackTitle "FM"]
[WhiteElo "2213"]
[BlackElo "2195"]
[WhiteFideId "24143170"]
[BlackFideId "34180572"]
[EventDate "2022.11.12"]

1. e4 c6 2. d4 d5 3. e5 c5 4. dxc5 Nc6 5. Nf3 Bg4 6. c3 e6 7. Be3 Bxf3 8. Qxf3
Nxe5 9. Bb5+ Nc6 10. O-O Nf6 11. Rd1 a6 12. Ba4 Qa5 13. Bc2 Be7 14. Qg3 O-O 15.
Nd2 Rac8 16. b4 Qc7 17. Bf4 Qd7 18. Nf3 Rfd8 19. Qh3 b6 20. cxb6 Nxb4 21. Bxh7+
Nxh7 22. cxb4 Bd6 23. Ne5 Qe7 24. a4 Ng5 25. Qh4 Bxe5 26. Bxg5 f6 27. Be3 Bxa1
28. Rxa1 Rc4 29. Qg3 Qxb4 30. a5 Rdc8 31. h3 d4 32. Bh6 Qe7 33. h4 d3 34. Rb1 d2
35. Bxd2 Qb7 36. Be3 e5 37. h5 Rd8 38. Qg6 Rd7 39. h6 1-0

[Event "chess.com SpeedChess Q2Sw"]
[Site "chess.com INT"]
[Date "2022.11.12"]
[Round "11"]
[White "Duda, Jan-Krzysztof"]
[Black "Fedoseev, Vladimir3"]
[Result "1-0"]
[WhiteTitle "GM"]
[BlackTitle "GM"]
[WhiteElo "2731"]
[BlackElo "2688"]
[WhiteFideId "1170546"]
[BlackFideId "24130737"]
[EventDate "2022.11.12"]

1. d4 d5 2. Nf3 Nf6 3. c4 c6 4. e3 Bf5 5. Nc3 a6 6. Ne5 h5 7. Qb3 Ra7 8. Bd2 e6
9. Bd3 Bxd3 10. Nxd3 Nbd7 11. cxd5 cxd5 12. Rc1 Bd6 13. Na4 O-O 14. Bb4 Bxb4+
15. Qxb4 b5 16. Nac5 Nxc5 17. Nxc5 Qd6 18. Nd3 Qb8 19. O-O Ng4 20. g3 h4 21. Kg2
a5 22. Qd2 g6 23. Qe2 Nf6 24. Ne5 Rc7 25. Rc6 Rfc8 26. Rfc1 Ne4 27. gxh4 Kg7 28.
Rxc7 Rxc7 29. Rxc7 Qxc7 30. h5 g5 31. h4 f6 32. Ng6 Kh6 33. hxg5+ Nxg5 34. Nf4
Qc4 35. Qxc4 bxc4 36. Kf1 a4 37. Ke2 Kg7 38. f3 Kf7 39. a3 Nh7 40. Kf2 Ng5 41.
Ne2 Kg7 42. Nc3 Kh6 43. Nxa4 Kxh5 44. Nc5 e5 45. a4 exd4 46. exd4 Nf7 47. a5 Nd6
48. a6 Nb5 49. Ke3 Kg6 50. Na4 Kf5 51. Nc3 Nc7 52. a7 Ke6 53. Kf4 Kd6 54. Nb5+
Nxb5 55. a8=Q Nxd4 56. Qb8+ Ke6 57. Qb6+ 1-0

[Event "chess.com SpeedChess Q2Sw"]
[Site "chess.com INT"]
[Date "2022.11.12"]
[Round "11"]
[White "Salman, Pavel"]
[Black "Odegov, Artem"]
[Result "1-0"]
[WhiteTitle "FM"]
[BlackTitle "FM"]
[WhiteElo "2287"]
[BlackElo "2286"]
[WhiteFideId "24153753"]
[BlackFideId "34183644"]
[EventDate "2022.11.12"]

1. Nf3 d5 2. g3 c6 3. Bg2 Bf5 4. O-O e6 5. d3 h6 6. Nfd2 Nf6 7. e4 Bh7 8. Nc3
Nbd7 9. Qe2 Qc7 10. exd5 cxd5 11. Nb3 Be7 12. Bf4 Qc8 13. Nb5 O-O 14. Nc7 Rb8
15. Nxd5 exd5 16. Bxb8 Nxb8 17. Qxe7 Qxc2 18. Rac1 Qxb2 19. Rfe1 Nbd7 20. Bxd5
Bxd3 21. Bxb7 Qxa2 22. Nd4 Qb2 23. Qe3 Bg6 24. Bg2 Re8 25. Qf4 Rxe1+ 26. Rxe1 a5
27. Nc6 a4 28. Ne7+ Kh7 29. Nxg6 fxg6 30. Qxa4 Nc5 31. Qc4 Qd2 32. Re2 Qd1+ 33.
Bf1 Nd3 34. Re7 Ne1 35. Qe2 Nf3+ 36. Kg2 Qxe2 37. Bxe2 Nd4 38. Bf1 g5 39. Ra7
Kg6 40. Bd3+ Kh5 41. Rxg7 Ng4 42. h3 Ne5 43. Be4 g4 44. hxg4+ Nxg4 45. Bg6+ Kg5
46. Bb1+ Kh5 47. f4 Ne3+ 48. Kh3 Ne6 49. Bg6# 1-0

[Event "chess.com SpeedChess Q2Sw"]
[Site "chess.com INT"]
[Date "2022.11.12"]
[Round "11"]
[White "Ljukin, Sergei"]
[Black "Aumann, Welf"]
[Result "0-1"]
[WhiteTitle "FM"]
[BlackTitle "FM"]
[WhiteElo "2362"]
[BlackElo "2316"]
[WhiteFideId "14102200"]
[BlackFideId "4634071"]
[EventDate "2022.11.12"]

1. e4 e6 2. d4 d5 3. Nc3 Nc6 4. Nf3 Bb4 5. e5 f6 6. Bd2 fxe5 7. dxe5 Nge7 8. Bd3
Ng6 9. Bxg6+ hxg6 10. Bg5 Qd7 11. Qd3 Qf7 12. O-O-O Bd7 13. Nb5 Ba5 14. Kb1 a6
15. Nc3 Qf5 16. Rhe1 Qxd3 17. Rxd3 O-O 18. a3 Rf5 19. h4 Raf8 20. Re2 Bb6 21.
Be3 Nxe5 22. Nxe5 Rxe5 23. Bxb6 Rxe2 24. Nxe2 cxb6 25. f4 Bb5 26. Re3 Bxe2 27.
Rxe2 Kf7 28. Kc1 Rc8 29. Kd2 Rc4 30. g3 Kf6 31. Kd3 b5 32. c3 a5 33. b3 Rc8 34.
Re5 Rc6 35. Rg5 Rc7 36. Re5 b4 37. cxb4 axb4 38. axb4 Rc1 39. Re3 b5 40. Kd4 Rc2
41. Rd3 Kf5 42. Re3 Rc6 43. Kd3 Kg4 44. Kd4 Kh3 45. Ke5 Kg2 46. Kd4 Kf2 47. Rd3
Ke2 48. Re3+ Kd2 49. Rd3+ Kc2 50. Re3 Kb2 51. Ke5 Ka3 52. g4 Kxb4 53. h5 gxh5
54. gxh5 Rc3 0-1

[Event "chess.com SpeedChess Q2Sw"]
[Site "chess.com INT"]
[Date "2022.11.12"]
[Round "11"]
[White "Fernandez Guillen, Ernesto J."]
[Black "Csonka, Balazs"]
[Result "0-1"]
[WhiteTitle "IM"]
[BlackTitle "IM"]
[WhiteElo "2462"]
[BlackElo "2497"]
[WhiteFideId "3512428"]
[BlackFideId "742910"]
[EventDate "2022.11.12"]

1. e4 e5 2. Nf3 Nc6 3. d4 exd4 4. Bc4 Nf6 5. O-O Nxe4 6. Re1 d5 7. Bxd5 Qxd5 8.
Nc3 Qd7 9. Nxe4 Be7 10. Bg5 O-O 11. Bxe7 Qxe7 12. Nxd4 Bd7 13. Qh5 Rae8 14. Nf3
Ne5 15. Nxe5 Qxe5 16. Qxe5 Rxe5 17. f4 Ree8 18. Nc5 Bc8 19. c3 b6 20. Nb3 c5 21.
Kf2 f6 22. Rad1 Kf7 23. g3 Rxe1 24. Rxe1 Rd8 25. Re2 a5 26. Rd2 Rxd2+ 27. Nxd2
Be6 28. b3 Bd5 29. Ke3 Ke6 30. c4 Bc6 31. g4 g5 32. a4 h6 33. Ne4 f5 34. gxf5+
Kxf5 35. Nd6+ Ke6 36. Nc8 g4 37. Nxb6 h5 38. Ke2 h4 39. Kf2 Kd6 40. Kg1 Kc7 41.
h3 Kxb6 42. hxg4 Kc7 43. Kh2 Bf3 44. Kh3 Bd1 45. Kxh4 Bxb3 46. g5 Bxc4 47. f5
Kd7 48. g6 Ke8 49. Kg5 Bd5 50. f6 c4 51. Kh6 Kf8 52. g7+ Kg8 53. Kg6 Bf7+ 54.
Kf5 c3 55. Ke5 c2 56. Kd6 c1=Q 57. Ke7 Qc7# 0-1

[Event "chess.com SpeedChess Q2Sw"]
[Site "chess.com INT"]
[Date "2022.11.12"]
[Round "11"]
[White "Shipov, Sergei"]
[Black "Steinberg, Nitzan"]
[Result "0-1"]
[WhiteTitle "GM"]
[BlackTitle "GM"]
[WhiteElo "2541"]
[BlackElo "2537"]
[WhiteFideId "4113624"]
[BlackFideId "2801795"]
[EventDate "2022.11.12"]

1. d4 Nf6 2. c4 g6 3. Nc3 Bg7 4. e4 d6 5. Be2 Nbd7 6. Nf3 O-O 7. O-O e5 8. Be3
c6 9. d5 Nc5 10. Nd2 a5 11. a3 Na6 12. b4 Bd7 13. Rb1 axb4 14. axb4 Qc7 15. dxc6
bxc6 16. b5 cxb5 17. cxb5 Qxc3 18. bxa6 Be6 19. Qa4 Rfc8 20. h3 d5 21. exd5 Nxd5
22. Ne4 Qc2 23. Qxc2 Rxc2 24. Bd3 Rcc8 25. Bd2 h6 26. Rfc1 Bf8 27. g4 Kg7 28.
Rxc8 Bxc8 29. Rb5 Nf4 30. Bxf4 exf4 31. Rb6 Ra7 32. Nd6 Bxd6 33. Rxd6 Rc7 34.
Kg2 Kf8 35. Kf3 Ke7 36. Rb6 Rc3 37. Ke2 Ra3 38. Kd2 Ra2+ 39. Ke1 Kd8 40. Rf6 Be6
41. Bxg6 Ke7 42. Rxe6+ fxe6 43. Bd3 Kf6 44. Kf1 f3 45. Ke1 Ke5 46. Bc4 Ra4 47.
Bb5 Ra5 48. Bc4 Kf4 49. Kd2 e5 50. Kc3 e4 51. Kb4 Ra1 52. Kb5 e3 53. fxe3+ Kxe3
54. Kb6 Rb1+ 55. Kc7 Rc1 0-1

[Event "chess.com SpeedChess Q2Sw"]
[Site "chess.com INT"]
[Date "2022.11.12"]
[Round "11"]
[White "Yanchenko, Roman"]
[Black "Jumabayev, Rinat"]
[Result "0-1"]
[WhiteTitle "FM"]
[BlackTitle "GM"]
[WhiteElo "2467"]
[BlackElo "2620"]
[WhiteFideId "4137329"]
[BlackFideId "13702661"]
[EventDate "2022.11.12"]

1. d4 Nf6 2. c4 e6 3. Nf3 Bb4+ 4. Bd2 c5 5. e3 Qb6 6. dxc5 Bxc5 7. Bc3 Nc6 8.
Bd3 Bb4 9. O-O O-O 10. a3 Bxc3 11. Nxc3 Rd8 12. b4 d6 13. Ne4 Ne8 14. Qe2 Qc7
15. Rfd1 h6 16. Nd4 Ne5 17. Nb5 Qe7 18. f4 Nxd3 19. Qxd3 d5 20. Nec3 a6 21. Nd4
Nf6 22. Nf3 a5 23. c5 Bd7 24. Ne5 Be8 25. Qd4 Rdc8 26. e4 dxe4 27. Nxe4 Nxe4 28.
Qxe4 Rd8 29. h3 Bb5 30. Kh2 f6 31. Ng6 Qf7 32. f5 e5 33. Rd6 axb4 34. Qxb4 Bc6
35. Rad1 Re8 36. R1d2 e4 37. Qc3 Ra4 38. Qg3 e3 39. Re2 Rae4 40. Nf4 R4e5 41.
Ne6 Rxf5 42. Rxe3 Rxe6 43. Rdxe6 Rg5 44. Qb8+ Kh7 45. g4 Rxc5 46. Qf4 Qg6 47.
Re2 h5 48. Re7 Rg5 49. Qg3 hxg4 50. h4 Rf5 0-1

[Event "chess.com SpeedChess Q2Sw"]
[Site "chess.com INT"]
[Date "2022.11.12"]
[Round "11"]
[White "Zhu, Jiner"]
[Black "Demidov, Mikhail"]
[Result "1-0"]
[WhiteTitle "WGM"]
[BlackTitle "GM"]
[WhiteElo "2486"]
[BlackElo "2568"]
[WhiteFideId "8608059"]
[BlackFideId "4197143"]
[EventDate "2022.11.12"]

1. e4 Nf6 2. e5 Nd5 3. d4 d6 4. Nf3 Nb6 5. Be2 g6 6. O-O Bg7 7. h3 O-O 8. a4
dxe5 9. Nxe5 Bxe5 10. dxe5 Qxd1 11. Rxd1 Nc6 12. Bh6 Re8 13. a5 Nd7 14. e6 fxe6
15. a6 bxa6 16. Bf3 Nde5 17. Be4 Bb7 18. Bf4 Nf7 19. Nc3 Nd6 20. Bf3 Reb8 21.
Na4 e5 22. Bg3 Nd4 23. Bxb7 Rxb7 24. Bxe5 Nxc2 25. Rac1 Nb4 26. Nc5 Rb5 27. f4
Kf7 28. Na4 Nd5 29. Rc6 a5 30. Nc5 e6 31. Rxd5 exd5 32. Rxc7+ Kg8 33. Bxd6 Rxb2
34. Be5 Rb1+ 35. Kh2 Re1 36. Rg7+ Kf8 37. Ne6+ Ke8 38. Nc7+ Kf8 39. Rxh7 d4 40.
Nxa8 d3 41. Rd7 Rd1 42. Nc7 a4 43. Ne6+ Ke8 44. Rd5 a3 45. Nc5 d2 46. Nb3 a2 47.
Rxd2 Rb1 48. Na1 1-0

[Event "chess.com SpeedChess Q2Sw"]
[Site "chess.com INT"]
[Date "2022.11.12"]
[Round "11"]
[White "Urazayev, Arystanbek"]
[Black "Bortnyk, Olexandr"]
[Result "0-1"]
[WhiteTitle "IM"]
[BlackTitle "GM"]
[WhiteElo "2458"]
[BlackElo "2604"]
[WhiteFideId "13709810"]
[BlackFideId "14120828"]
[EventDate "2022.11.12"]

1. e4 Nf6 2. e5 Nd5 3. Nc3 Nb6 4. a4 a5 5. d4 d5 6. Bd3 Nc6 7. Be3 Nb4 8. Nge2
Nxd3+ 9. Qxd3 c6 10. O-O g6 11. b3 Bf5 12. Qd2 h5 13. Ng3 e6 14. Bg5 Be7 15.
Bxe7 Qxe7 16. h3 h4 17. Nge2 g5 18. f3 Nd7 19. Nc1 b6 20. Nd3 Rg8 21. Nf2 Qb4
22. Rfd1 Rc8 23. Kh1 Ke7 24. Rac1 c5 25. dxc5 Rxc5 26. Ne2 Qxd2 27. Rxd2 Nxe5
28. Nd4 Bg6 29. Re1 Nd7 30. Ng4 Rgc8 31. Ne3 Kf8 32. c4 Nf6 33. Nb5 Rd8 34. Red1
Rd7 35. Kg1 Ke7 36. Kf2 dxc4 37. Rxd7+ Nxd7 38. Nxc4 Bc2 39. Rd4 Bxb3 40. Ncd6
Bd5 41. f4 f6 42. fxg5 fxg5 43. Rg4 Rc2+ 44. Kg1 Kf6 45. Ne8+ Kg6 46. Rd4 Rxg2+
47. Kf1 Rh2 48. Nec7 Nf6 49. Nd6 Rxh3 50. Nc8 Rc3 51. Ne7+ Kh5 52. Nb5 Rc1+ 53.
Kf2 Rc2+ 54. Ke1 h3 55. Kd1 Ra2 0-1

[Event "chess.com SpeedChess Q2Sw"]
[Site "chess.com INT"]
[Date "2022.11.12"]
[Round "11"]
[White "Veiga, Jose Francisco R P Neves"]
[Black "Ankerst, Mihael"]
[Result "1/2-1/2"]
[WhiteTitle "IM"]
[BlackTitle "FM"]
[WhiteElo "2393"]
[BlackElo "2370"]
[WhiteFideId "1930087"]
[BlackFideId "14602369"]
[EventDate "2022.11.12"]

1. d4 Nf6 2. g3 g6 3. Bg2 Bg7 4. e4 O-O 5. e5 Ne8 6. Ne2 d6 7. exd6 Nxd6 8. O-O
Nc6 9. c3 e5 10. dxe5 Nxe5 11. Bf4 Bg4 12. Nd2 Nd3 13. Bxd6 Qxd6 14. Ne4 Qd7 15.
Qc2 Ne5 16. Nd4 c6 17. Nc5 Qe7 18. b4 Rad8 19. Rfe1 Qf6 20. Ne4 Qe7 21. Nc5 Qc7
22. h3 Bc8 23. Rad1 Rfe8 24. f4 Nc4 25. Rxe8+ Rxe8 26. Qb3 Ne3 27. Re1 Qd8 28.
Qb2 b6 29. Nxc6 Qc7 30. Nd3 Bb7 31. b5 Re6 32. Nde5 Nxg2 33. Qxg2 Qd6 34. Kh2 f6
35. Nc4 Qd7 36. Rxe6 Qxe6 37. Nd2 Qxa2 38. Ne4 Qe6 39. Nd2 Bf8 40. c4 Bc5 41. h4
a5 42. Nb3 a4 43. Nxc5 bxc5 44. Qa2 Bxc6 45. bxc6 Qxc6 46. Qb2 Qa6 47. Qb8+ Kg7
48. Qc7+ Kg8 49. Qd8+ Kf7 50. Qd7+ Kf8 51. Qd8+ Kf7 52. Qd7+ Kg8 53. Qd8+ Kg7
54. Qe7+ Kg8 55. Qe8+ Kg7 56. Qe7+ Kg8 57. Qe8+ Kg7 58. Qe7+ 1/2-1/2

[Event "chess.com SpeedChess Q2Sw"]
[Site "chess.com INT"]
[Date "2022.11.12"]
[Round "11"]
[White "Korchmar, Vasiliy"]
[Black "Eynullayev, Atilla"]
[Result "0-1"]
[WhiteTitle "IM"]
[BlackTitle "FM"]
[WhiteElo "2438"]
[BlackElo "2281"]
[WhiteFideId "24131750"]
[BlackFideId "13413570"]
[EventDate "2022.11.12"]

1. e4 c5 2. Nf3 e6 3. g3 d5 4. exd5 exd5 5. d4 Bg4 6. Bg2 Qe7+ 7. Be3 Nc6 8. O-O
Nf6 9. dxc5 Qd7 10. Bd4 Be7 11. Nc3 O-O 12. Re1 Rfe8 13. a3 Rad8 14. b4 Ne4 15.
Qd3 Bf5 16. Qe3 Bg4 17. Qd3 Bxf3 18. Bxf3 Nxd4 19. Bxe4 dxe4 20. Nxe4 Ne6 21.
Qf3 Qc6 22. c3 Rd7 23. Rad1 Red8 24. Rxd7 Rxd7 25. h4 a6 26. h5 h6 27. Qg4 Kf8
28. Qf5 Kg8 29. Re3 Rd1+ 30. Kh2 Ng5 31. f3 Ne6 32. Nf2 Bg5 33. Nxd1 Bxe3 34.
Nxe3 Qd7 35. Nd5 Qa4 36. Qe4 Qxa3 37. Ne7+ Kf8 38. Nf5 Qb2+ 39. Kg1 Qc1+ 40. Kf2
Qxc3 41. Nd6 Qd2+ 42. Kf1 Kg8 43. Nxb7 Qd1+ 44. Kf2 Qd2+ 45. Kf1 Qd1+ 46. Kg2
Qd2+ 47. Kg1 Qd1+ 48. Kf2 Qd2+ 49. Qe2 Qd4+ 50. Qe3 Qb2+ 51. Kg1 Qxb4 52. c6
Qb1+ 53. Kh2 Qc2+ 54. Kh3 Qxc6 55. Nd8 Ng5+ 56. Kh4 Qc4+ 57. f4 Qb5 0-1

[Event "chess.com SpeedChess Q2Sw"]
[Site "chess.com INT"]
[Date "2022.11.12"]
[Round "11"]
[White "Yeletsky, Ivan"]
[Black "Kollars, Dmitrij"]
[Result "0-1"]
[WhiteTitle "FM"]
[BlackTitle "GM"]
[WhiteElo "2491"]
[BlackElo "2611"]
[WhiteFideId "24180327"]
[BlackFideId "12909572"]
[EventDate "2022.11.12"]

1. c4 e5 2. g3 c6 3. Nf3 e4 4. Nd4 d5 5. cxd5 Qxd5 6. Nc2 Nf6 7. Nc3 Qe5 8. b4
h5 9. h3 Na6 10. Rb1 Bd6 11. Bg2 O-O 12. b5 Nc5 13. Ne3 Be6 14. Bb2 Qg5 15. h4
Qg6 16. O-O Rac8 17. bxc6 Rxc6 18. Nb5 Bxa2 19. Nxd6 Rxd6 20. Ra1 Bb3 21. Qe1 a6
22. Qb1 b6 23. Bc3 a5 24. Qb2 a4 25. Bh3 Ng4 26. Ng2 Ne6 27. Bb4 Nc5 28. Nf4 Qf5
29. f3 exf3 30. exf3 Nd3 31. Nxd3 Rxd3 32. Bxf8 Kxf8 33. fxg4 Rxg3+ 34. Kh2
Rxh3+ 35. Kxh3 Qxg4+ 36. Kh2 Qxh4+ 37. Kg2 Bd5+ 38. Rf3 Qg4+ 39. Kh2 Qxf3 40.
Qa3+ Qxa3 41. Rxa3 b5 42. Rd3 Bc4 43. Rd8+ Ke7 44. Ra8 g5 45. Kg3 f5 46. Ra6 h4+
47. Kh3 Bf1+ 48. Kh2 g4 49. Kg1 Bc4 50. Kf2 f4 51. Ra7+ Kf6 52. Rh7 h3 53. Rh5
Kg6 54. Rc5 a3 55. Rc6+ Kg5 56. Ra6 g3+ 57. Kf3 Bd5+ 0-1

[Event "chess.com SpeedChess Q2Sw"]
[Site "chess.com INT"]
[Date "2022.11.12"]
[Round "11"]
[White "Gheorghiu, Calin"]
[Black "Lakshmi, C"]
[Result "1-0"]
[WhiteTitle "FM"]
[BlackTitle "WFM"]
[WhiteElo "2300"]
[BlackElo "1956"]
[WhiteFideId "1200305"]
[BlackFideId "25035347"]
[EventDate "2022.11.12"]

1. e4 e5 2. Nf3 Nc6 3. Bb5 a6 4. Ba4 d6 5. c3 Bd7 6. O-O b5 7. Bb3 Be7 8. d4 Nf6
9. Nbd2 O-O 10. Re1 Bg4 11. h3 Bh5 12. g4 Bg6 13. Bc2 Nd7 14. Nf1 exd4 15. cxd4
Nb4 16. Bb1 c5 17. Ng3 Nc6 18. d5 Nce5 19. Nh2 Bh4 20. Nhf1 Nc4 21. f4 f6 22. b3
Ncb6 23. Bb2 c4 24. Qd4 Nc5 25. Re3 Rc8 26. Nf5 Bxf5 27. exf5 a5 28. Bc2 Ncd7
29. Rc1 b4 30. bxc4 Rxc4 31. Qd3 Rxf4 32. Re6 Nc5 33. Qb5 Nxe6 34. fxe6 Bf2+ 35.
Kg2 Bc5 36. Ng3 Rf2+ 37. Kh1 Nxd5 38. Bb3 Nf4 39. e7+ Kh8 40. exd8=Q Rxd8 41.
Qxa5 Re8 42. Qb5 Rf8 43. Rf1 Rxb2 44. Rxf4 Rb1+ 45. Rf1 Rb2 46. Qc4 Rd2 47. Ne4
Rd4 48. Qe6 Ba7 49. Nxd6 h6 50. Nf7+ Kh7 51. Qf5+ g6 52. Qxf6 Rd2 53. Ng5+ hxg5
54. Qe7+ 1-0